ਖ਼ੁਦਾ ਹਾਫਿਜ਼ / (Record no. 109620)

MARC details
000 -LEADER
fixed length control field 01059nam a22002657a 4500
005 - DATE AND TIME OF LATEST TRANSACTION
control field 20170123164140.0
010 ## - LIBRARY OF CONGRESS CONTROL NUMBER
LC control number B-079833
020 ## - INTERNATIONAL STANDARD BOOK NUMBER
Terms of availability 300.00
International Standard Book Number 8171163629
035 ## - SYSTEM CONTROL NUMBER
System control number B-079833
037 ## - SOURCE OF ACQUISITION
Source of stock number/acquisition Cen Lib / Ret
040 ## - CATALOGING SOURCE
Original cataloging agency DPL
Language of cataloging PN
082 ## - DEWEY DECIMAL CLASSIFICATION NUMBER
Classification number 851 ਓ
Item number ਜੋਗਾਸਿੰ
100 ## - MAIN ENTRY--PERSONAL NAME
Personal name ਜੋਗਾ ਸਿੰਘ
9 (RLIN) 125575
245 ## - TITLE STATEMENT
Title ਖ਼ੁਦਾ ਹਾਫਿਜ਼ /
Statement of responsibility, etc ਜੋਗਾ ਸਿੰਘ
246 ## - VARYING FORM OF TITLE
Title proper/short title Khuda hafiz
Remainder of title by Joga singh
260 ## - PUBLICATION, DISTRIBUTION, ETC. (IMPRINT)
Place of publication, distribution, etc ਦਿੱਲੀ
Name of publisher, distributor, etc ਨੈਸ਼ਨਲ ਬੁਕ ਸ਼ਾਪ
270 ## - ADDRESS
Address ਨੈਸ਼ਨਲ ਬੁਕ ਸ਼ਾਪ ਚਾਂਦਨੀ ਚੌਕ
City ਦਿੱਲੀ
Postal code 10006
300 ## - PHYSICAL DESCRIPTION
Extent 302p.
Dimensions 22cm(Hb)
650 ## - SUBJECT ADDED ENTRY--TOPICAL TERM
Topical term or geographic name as entry element ਸਾਹਿਤ --ਪੰਜਾਬੀ
9 (RLIN) 125576
650 ## - SUBJECT ADDED ENTRY--TOPICAL TERM
Topical term or geographic name as entry element ਪੰਜਾਬੀ--- ਕਵਿਤਾਵਾਂ
9 (RLIN) 125577
650 ## - SUBJECT ADDED ENTRY--TOPICAL TERM
Topical term or geographic name as entry element Literature--Punjabi
9 (RLIN) 125578
650 ## - SUBJECT ADDED ENTRY--TOPICAL TERM
Topical term or geographic name as entry element Punjabi-- Poetry
9 (RLIN) 125579
700 ## - ADDED ENTRY--PERSONAL NAME
Personal name ਸੰਪਾਦਕ ਗੁਰਬਚਨ ਸਿੰੰਘ ਭੁੱਲਰ
9 (RLIN) 1256
942 ## - ADDED ENTRY ELEMENTS (KOHA)
Source of classification or shelving scheme Dewey Decimal Classification
Koha item type Punjabi Bks
Classification part 851
Call number suffix ਜੋਗਾਸਿੰ
Holdings
Withdrawn status Lost status Damaged status Not for loan Home library Current library Date acquired Source of acquisition Cost, normal purchase price Total Checkouts Full call number Barcode Date last seen Copy number Cost, replacement price Price effective from Koha item type
        Central Library Central Library 28/05/2015 Cen Lib/Ret 300.00   851 ਜੋਗਾਸਿੰ B-079833 28/05/2015 1 300.00 15/09/2016 Punjabi Bks

© Delhi Public Library
Hit Counter
free hit counter